Rozpoznaj miasto po tablicy rejestracyjnej zachodniopomorski - Statystyki

Ogólne statystyki
  • Ten quiz został rozwiązany 386 razy
  • Średni wynik to 10 z 21
Statystyki odpowiedzi
Rejestracja Miasto / powiat Odpowiedź % Poprawnych
ZK Miasto Koszalin
97%
ZS / ZZ Miasto Szczecin
84%
ZBI powiat białogardzki
58%
ZDR powiat drawski
54%
ZGY powiat gryficki
53%
ZKO powiat koszaliński
52%
ZST powiat stargardzki
51%
ZPL powiat policki
49%
ZGL powiat goleniowski
48%
ZGR powiat gryfiński
48%
ZKL powiat kołobrzeski
48%
ZPY powiat pyrzycki
44%
ZMY powiat myśliborski
42%
ZS Miasto Świnoujście
41%
ZCH powiat choszczeński
39%
ZLO powiat łobeski
39%
ZSZ powiat szczecinecki
39%
ZKA powiat kamieński
37%
ZWA powiat wałecki
36%
ZSL powiat sławieński
33%
ZSD powiat świdwiński
31%
Nie znaleziono quizów pasujących do podanych kryteriów
Rozkład punktacji
Procent ludzi z każdym wynikiem
Percentyl według liczby udzielonych odpowiedzi
Twoja historia wyników
Nie rozwiązałeś tego quizu